000 00678nam a22001817a 4500
003 0
005 20230904145705.0
008 230904b xxu||||| |||| 00| 0 eng d
020 _a978-971-555-666-8
050 _aLB 2326.3
_b.R98 2019
245 _aRevving up research innovations for social development : methods and perspectives
_cRomeo B. Lee and Connie J. Maraanan, editor
260 _aManila
_bDe La Salle University Publishing House
_cc2019.
300 _axiii, 321 pages ;
_c23 cm.
500 _aEducation, Higher--Research--Philippines.
504 _aIncludes bibliographical references.
650 _aEducation, Higher--Research--Philippines.
942 _2lcc
_cBK
999 _c365252
_d365252